|
|
แสดงรายละเอียดบรรณานุกรม |
|
|
Brief Record
: Get Marc (ISO 2709)
: E-mail record
: |
|
|
| LEADER 00000nam 2200000uu 4500 | |||
| 001 213569 | |||
| 003 ULIBM | |||
| 008 230714s||||||||th 000 0 tha d | |||
| 020 ^a978-616-18-3619-1 | |||
| 040 ^abcnkk | |||
| 041 ^atha | |||
| 060 0 ^aWE250 อ656 2563 | |||
| 100 0 ^aอาคิส อุนนะนันทน์ | |||
| 245 00 ^aปรับชีวิต พิชิตโรคกระดูกพรุน/^cอาคิส อุนนะนันทน์. | |||
| 250 ^aพิมพ์ครั้งที่ 1 | |||
| 260 ^aกรุงเทพฯ:^bอมรินทร์เฮลท์ อมรินทร์พริ้นติ้ง แอนด์ พับลิชชิ่ง,^c2563 | |||
| 300 ^a111 หน้า:^bภาพประกอบ,^c21 ซม. | |||
| 650 0 ^aโรคกระดูกพรุน | |||
| 650 0 ^aกระดูก--โรค | |||
| 650 0 ^aกระดูกพรุน | |||
| 999 ^aใช้งานได้ทุกระบบ | |||
| คุณยังไม่ได้ล็อกอิน คุณสามารถมีกิจกรรมร่วมกับเว็บไซต์ได้ แต่ต้องล็อกอินก่อน :: |
|
| สถานะ | |||||||||
| 1. | หนังสือทั่วไป | WE250 อ656 2563 ฉ.1 | On Shelf ขอยืม | ||||||
| Note:จัดซื้อปีงบฯ 2564 | |||||||||
| 2. | หนังสือทั่วไป | WE250 อ656 2563 ฉ.2 | On Shelf ขอยืม | ||||||
| Note:จัดซื้อปีงบฯ 2564 | |||||||||
| [แสดง 2/2 รายการ] | |||||||||
BibComment |
| คอมเมนท์ทรัพยากรรายการนี้ |
|
|